[Event "IX Festival A"]
[Site "Montecatini Terme ITA"]
[Date "2000.07.31"]
[Round "3"]
[White "Tocchioni, Doriano"]
[Black "Di Lao, Riccardo"]
[Result "1-0"]
[WhiteElo "2250"]
[BlackElo "2138"]
[PlyCount "109"]
[EventDate "2000.07.29"]

1. d4 d5 2. Nf3 Bf5 3. c4 e6 4. Nc3 Nf6 5. Qb3 Nc6 6. c5 Na5 7. Qa4+ c6 8. Ne5
Be7 9. Bf4 O-O 10. e3 b5 11. Qd1 b4 12. Nb1 Ne4 13. f3 f6 14. Nd3 e5 15. fxe4
dxe4 16. Nxe5 fxe5 17. Bxe5 Bh4+ 18. g3 Bf6 19. Bd6 Re8 20. Nd2 Nb7 21. Bc4+
Kh8 22. O-O Nxd6 23. cxd6 Bh3 24. Rf4 Bg5 25. Qh5 Bxf4 26. gxf4 Qd7 27. Kh1 Qg4
28. Qxg4 Bxg4 29. Re1 Rad8 30. Be2 Bf5 31. Nc4 Be6 32. Rc1 Bd5 33. b3 Rf8 34.
Bg4 g6 35. d7 Kg7 36. Ne5 Rf6 37. Kg2 a5 38. Rc5 h5 39. Bh3 Ra8 40. Kg3 Rd6 41.
Nc4 Bxc4 42. Rxc4 Kf6 43. d5 c5 44. Rxc5 Rf8 45. Rxa5 g5 46. Be6 h4+ 47. Kg4
gxf4 48. Kxf4 h3 49. Kxe4 Rh8 50. Kd4 Rb6 51. e4 Rbb8 52. Rc5 Ke7 53. Rc8 Kd6
54. e5+ Ke7 55. Bg4 1-0

[Event "IX Festival A"]
[Site "Montecatini Terme ITA"]
[Date "2000.07.31"]
[Round "3"]
[White "Van der Werf, Mark"]
[Black "Trabert, Bettina"]
[Result "1/2-1/2"]
[WhiteElo "2429"]
[BlackElo "2259"]
[PlyCount "40"]
[EventDate "2000.07.29"]

1. d4 d5 2. c4 e6 3. Nf3 c6 4. g3 Nf6 5. Bg2 Be7 6. O-O O-O 7. b3 Nbd7 8. Bb2
b6 9. Nc3 Ba6 10. Nd2 b5 11. Re1 bxc4 12. bxc4 Rb8 13. Qc2 c5 14. dxc5 Bxc5 15.
e3 dxc4 16. Nde4 Be7 17. Red1 Qc7 18. Rab1 Rfd8 19. Qa4 Rb6 20. Ba1 Rxb1
1/2-1/2

[Event "IX Festival A"]
[Site "Montecatini Terme ITA"]
[Date "2000.07.31"]
[Round "3"]
[White "Wustefeld, Carl"]
[Black "Zelcic, Robert"]
[Result "0-1"]
[WhiteElo "2214"]
[BlackElo "2457"]
[PlyCount "78"]
[EventDate "2000.07.29"]

1. e4 c6 2. Nc3 d5 3. Qf3 e6 4. d4 Nd7 5. Bd3 Bb4 6. exd5 cxd5 7. Qg3 Ngf6 8.
Nf3 Nh5 9. Qh3 g6 10. g4 Nhf6 11. Bd2 h5 12. Rg1 Bf8 13. O-O-O Nb6 14. Ne5 Bg7
15. gxh5 Rxh5 16. Qg3 Ne4 17. Bxe4 Bxe5 18. dxe5 dxe4 19. Nxe4 Nd5 20. Bg5 Qc7
21. Rxd5 exd5 22. Nf6+ Kf8 23. Nxh5 gxh5 24. Bf6 Ke8 25. Qa3 Kd7 26. Rg3 d4 27.
Qb3 Qa5 28. Qxf7+ Kc6 29. c3 Qb5 30. c4 Qa5 31. Rd3 Bg4 32. b4 Qxb4 33. Qd5+
Kc7 34. Qxd4 Be6 35. Bd8+ Kc8 36. Bf6 b6 37. a3 Qc5 38. Qxc5+ bxc5 39. Rd6 Bxc4
0-1

[Event "IX Festival A"]
[Site "Montecatini Terme ITA"]
[Date "2000.08.01"]
[Round "4"]
[White "Belotti, Bruno"]
[Black "Scalcione, Michelangelo"]
[Result "1-0"]
[WhiteElo "2417"]
[BlackElo "2239"]
[PlyCount "87"]
[EventDate "2000.07.29"]

1. e4 e5 2. Nf3 d6 3. d4 exd4 4. Nxd4 Nf6 5. Nc3 Be7 6. Be2 O-O 7. O-O c5 8.
Nb3 Nc6 9. f4 Re8 10. Bf3 Bf8 11. Re1 Qc7 12. Be3 Rb8 13. Bf2 b5 14. Bh4 Be7
15. Bxf6 Bxf6 16. Nd5 Qd8 17. c3 g6 18. Nxf6+ Qxf6 19. Qd5 Bb7 20. e5 Qxf4 21.
e6 f5 22. Qd1 Ne5 23. Bxb7 Rxb7 24. g3 Qf3 25. Nxc5 Rc7 26. Qxd6 Ng4 27. Qd4
Rc6 28. b4 Rd6 29. Rf1 Qe2 30. Rf2 Nxf2 31. Qxf2 Rdxe6 32. Nxe6 Rxe6 33. Qxe2
Rxe2 34. a4 bxa4 35. Rxa4 Rc2 36. Rxa7 Rxc3 37. b5 Rc8 38. b6 Rb8 39. b7 Kf7
40. Kf2 Ke7 41. Ke3 Kd6 42. Kf4 h6 43. Ra6+ Ke7 44. Rxg6 1-0

[Event "IX Festival A"]
[Site "Montecatini Terme ITA"]
[Date "2000.08.01"]
[Round "4"]
[White "Bontempi, Piero"]
[Black "De Gleria, Francesco"]
[Result "1-0"]
[WhiteElo "2273"]
[BlackElo "2446"]
[PlyCount "81"]
[EventDate "2000.07.29"]

1. e4 c5 2. Nf3 d6 3. d4 cxd4 4. Nxd4 Nf6 5. Nc3 Nc6 6. Bg5 e6 7. Qd2 a6 8.
O-O-O h6 9. Be3 Be7 10. f4 Nxd4 11. Bxd4 b5 12. Qe3 Qc7 13. e5 dxe5 14. fxe5
Nd7 15. Ne4 Bb7 16. Nd6+ Qxd6 17. exd6 Bg5 18. Qxg5 hxg5 19. Bxg7 Rh7 20. Bc3
f5 21. h3 Kf7 22. Rg1 e5 23. Re1 e4 24. Be2 Re8 25. Rgf1 Ke6 26. Bd2 Rg8 27. a4
Bc6 28. axb5 axb5 29. c4 Ne5 30. c5 e3 31. Bxe3 Bxg2 32. Bd4 Be4 33. Bxb5 Rxh3
34. Bxe5 Kxe5 35. Rxf5+ Kd4 36. Rd1+ Ke3 37. Re1+ Kd4 38. Rd1+ Ke3 39. Re5 Kf4
40. Rxe4+ Kxe4 41. d7 1-0

[Event "IX Festival A"]
[Site "Montecatini Terme ITA"]
[Date "2000.08.01"]
[Round "4"]
[White "Dervishi, Erald"]
[Black "Tischbierek, Raj"]
[Result "1/2-1/2"]
[WhiteElo "2478"]
[BlackElo "2521"]
[PlyCount "112"]
[EventDate "2000.07.29"]

1. e4 g6 2. d4 d6 3. Nf3 Nf6 4. Nc3 Bg7 5. Be2 O-O 6. O-O e6 7. h3 Nc6 8. Be3
h6 9. Qd2 Kh7 10. Rad1 b6 11. e5 dxe5 12. Nxe5 Bb7 13. Bf3 Na5 14. Qe2 Nd5 15.
Nxd5 exd5 16. Rfe1 Qd6 17. Bf4 Rae8 18. Qd2 Qd8 19. b4 Nc6 20. c4 Ne7 21. b5
Nf5 22. g3 Nd6 23. Qc2 dxc4 24. Bxb7 Nxb7 25. Qxc4 Nd6 26. Qc6 g5 27. Bc1 Qc8
28. Nd7 Rxe1+ 29. Rxe1 Re8 30. Rxe8 Qxe8 31. Be3 Qe6 32. a4 Nf5 33. Qxe6 fxe6
34. g4 Ne7 35. Kf1 Nd5 36. Ke2 Kg6 37. Kd3 Kf7 38. Nb8 Ne7 39. f4 Bf6 40. Ke4
Nd5 41. Nc6 Nc3+ 42. Kd3 Nd5 43. fxg5 Bxg5 44. Bxg5 hxg5 45. Ke4 Nf6+ 46. Kd3
Nd5 47. Nxa7 Nf4+ 48. Ke4 Nxh3 49. Nc6 Nf2+ 50. Kf3 Nd1 51. Ne5+ Kf6 52. Ke2
Nc3+ 53. Kd3 Nd5 54. Kc4 Ke7 55. Nc6+ Kd6 56. Ne5 Ke7 1/2-1/2

[Event "IX Festival A"]
[Site "Montecatini Terme ITA"]
[Date "2000.08.01"]
[Round "4"]
[White "Dittmar, Peter"]
[Black "Gagliardi, Pietro"]
[Result "1/2-1/2"]
[WhiteElo "2364"]
[BlackElo "2227"]
[PlyCount "94"]
[EventDate "2000.07.29"]

1. c4 c5 2. Nc3 Nc6 3. e3 Nf6 4. Nf3 g6 5. d4 cxd4 6. exd4 d5 7. Be2 Bg7 8. O-O
O-O 9. Re1 e6 10. Bg5 h6 11. Bf4 dxc4 12. Bxc4 Ne7 13. Qd2 Kh7 14. Nb5 Ned5 15.
Bd6 Rg8 16. Be5 a6 17. Nd6 Rf8 18. Rac1 b5 19. Bd3 Ne8 20. Nxf7 Rxf7 21. Bxg6+
Kxg6 22. Qd3+ Rf5 23. g4 Kh7 24. gxf5 exf5 25. Rc5 Bf8 26. Rcc1 Ne7 27. Nh4 Qd5
28. Rc5 Qf7 29. Bg3 Be6 30. Rce5 Ng7 31. Qe2 Nc6 32. Rxe6 Nxd4 33. Rxh6+ Kxh6
34. Qe3+ Kh7 35. Qxd4 Re8 36. Rxe8 Qxe8 37. Be5 Qh5 38. Bf6 Ne8 39. Qd7+ Bg7
40. Bxg7 Nxg7 41. Qd4 Qg5+ 42. Kf1 Qc1+ 43. Kg2 Qg5+ 44. Kf3 Qh5+ 45. Ke3 Qe8+
46. Kd2 Qc6 47. Ke2 Qe6+ 1/2-1/2

[Event "IX Festival A"]
[Site "Montecatini Terme ITA"]
[Date "2000.08.01"]
[Round "4"]
[White "Ferretti, Folco"]
[Black "Ferri, Stefano"]
[Result "1-0"]
[WhiteElo "2278"]
[BlackElo "2089"]
[PlyCount "57"]
[EventDate "2000.07.29"]

1. e4 g6 2. d4 Bg7 3. Nc3 d6 4. Nge2 Nf6 5. g3 Nbd7 6. Bg2 O-O 7. h3 Rb8 8. a4
c5 9. O-O a6 10. Be3 b5 11. axb5 axb5 12. dxc5 dxc5 13. f4 Kh8 14. e5 Ng8 15.
Ne4 Qc7 16. N2c3 b4 17. Nd5 Qc6 18. Ra5 Rb5 19. Nxe7 Nxe7 20. Nd6 Qc7 21. Rxb5
Ba6 22. Qd2 Nf5 23. Ra1 Bxb5 24. Nxb5 Qb6 25. Qxd7 Nxe3 26. Nd6 c4 27. Nxf7+
Kg8 28. Ra7 Nf5+ 29. Kh2 1-0

[Event "IX Festival A"]
[Site "Montecatini Terme ITA"]
[Date "2000.08.01"]
[Round "4"]
[White "Grigore, George-Gabriel"]
[Black "Tjiam, Dharma"]
[Result "1/2-1/2"]
[WhiteElo "2508"]
[BlackElo "2333"]
[PlyCount "126"]
[EventDate "2000.07.29"]

1. d4 Nf6 2. c4 e6 3. Nc3 Bb4 4. Qc2 c5 5. dxc5 O-O 6. a3 Bxc5 7. Nf3 b6 8. Bg5
Bb7 9. e4 Be7 10. Be2 d6 11. O-O Nbd7 12. Rfd1 Qc7 13. Nd4 a6 14. Rac1 Rfe8 15.
Be3 Rac8 16. f3 Qb8 17. Qd2 Bd8 18. Nb3 Bc7 19. Bf4 Ne5 20. Bxe5 dxe5 21. c5
Qa7 22. Kh1 Bc6 23. Qd3 b5 24. Qe3 Rb8 25. Na2 a5 26. Nd2 b4 27. axb4 axb4 28.
Ra1 Qb7 29. Nc1 Ra8 30. Ncb3 Rxa1 31. Rxa1 Ra8 32. Rc1 h6 33. Nc4 Nd7 34. Qd3
Qb8 35. Qc2 Ba4 36. Ncd2 Bc6 37. Qb1 Qd8 38. Bd3 Qg5 39. Qc2 Nf8 40. Nc4 Ng6
41. Bf1 f5 42. Nb6 Rf8 43. Qc4 Rf6 44. exf5 e4 45. fxe4 Qf4 46. g3 Qxf5 47. Bg2
Qh5 48. Nd5 exd5 49. exd5 Ne5 50. Qh4 Qxh4 51. gxh4 Ba4 52. d6 Bxd6 53. Bd5+
Kf8 54. cxd6 Rxd6 55. Nc5 Rxd5 56. Nxa4 Rd4 57. h5 Ke7 58. Rc7+ Kf6 59. Kg2 b3
60. Ra7 Kf5 61. Nc5 Rd2+ 62. Kg3 Rxb2 63. Rb7 Rc2 1/2-1/2

[Event "IX Festival A"]
[Site "Montecatini Terme ITA"]
[Date "2000.08.01"]
[Round "4"]
[White "Iotti, Pierluigi"]
[Black "Basciu, Simone"]
[Result "1-0"]
[WhiteElo "2294"]
[BlackElo "2147"]
[PlyCount "153"]
[EventDate "2000.07.29"]

1. d4 Nf6 2. c4 e6 3. Nf3 Bb4+ 4. Bd2 Qe7 5. g3 Nc6 6. Bg2 Bxd2+ 7. Nbxd2 d6 8.
O-O a5 9. e4 e5 10. d5 Nb8 11. h3 O-O 12. Qc2 Nbd7 13. b3 Ne8 14. a3 g6 15. b4
b6 16. bxa5 Rxa5 17. Nb3 Ra4 18. Rfe1 Ng7 19. Nfd2 Bb7 20. Ra2 Rfa8 21. Rea1
Bc8 22. Nb1 f5 23. Nc3 R4a7 24. Nb5 Rb7 25. exf5 gxf5 26. a4 Nc5 27. Nxc5 bxc5
28. a5 Qd8 29. a6 Rb6 30. a7 Bd7 31. Ra5 Bxb5 32. Rxb5 Rxb5 33. cxb5 Qc8 34.
Ra6 Qb7 35. Qa4 Kf7 36. Bf1 Ne8 37. b6 cxb6 38. Bb5 Nc7 39. Bc6 Qxa6 40. Qxa6
Nxa6 41. Bxa8 Nc7 42. Bc6 e4 43. a8=Q Nxa8 44. Bxa8 Kf6 45. Kf1 Ke5 46. Ke2 b5
47. Bc6 b4 48. Bd7 b3 49. Kd2 f4 50. gxf4+ Kxf4 51. Kc3 Ke5 52. Bc6 Kf4 53. Bd7
Ke5 54. Be6 c4 55. h4 h6 56. h5 Kf4 57. Bh3 Ke5 58. Bf1 Kxd5 59. Bxc4+ Ke5 60.
Bxb3 d5 61. Bd1 d4+ 62. Kc4 d3 63. Kc3 Kf4 64. Kd2 Kg5 65. Ke3 Kf5 66. Ba4 Kg4
67. Kxe4 Kxh5 68. Kxd3 Kg4 69. Ke3 h5 70. Bc6 Kf5 71. Bg2 Kg4 72. f4 Kf5 73.
Bh3+ Kf6 74. Ke4 h4 75. Bg4 Kg6 76. Ke5 Kg7 77. Kf5 1-0

[Event "IX Festival A"]
[Site "Montecatini Terme ITA"]
[Date "2000.08.01"]
[Round "4"]
[White "Jovanic, Ognjen"]
[Black "Mauro, Alan"]
[Result "1-0"]
[WhiteElo "2313"]
[BlackElo "2214"]
[PlyCount "149"]
[EventDate "2000.07.29"]

1. d4 Nf6 2. Nf3 g6 3. c4 Bg7 4. Nc3 O-O 5. e4 d6 6. Be2 e5 7. O-O exd4 8. Nxd4
Re8 9. f3 Nc6 10. Be3 Nh5 11. f4 Nf6 12. Bf3 Bd7 13. Qd2 Qc8 14. h3 Nxd4 15.
Bxd4 Bc6 16. Rfe1 Qe6 17. b3 Nd7 18. Bxg7 Kxg7 19. Bg4 Qe7 20. Nd5 Bxd5 21.
exd5 Qd8 22. Rxe8 Qxe8 23. Re1 Qd8 24. Re3 Nf6 25. Bf3 Qd7 26. g4 Re8 27. g5
Ng8 28. Bg4 Qd8 29. Qd4+ Kf8 30. Kf2 Rxe3 31. Qxe3 b6 32. h4 Qe7 33. b4 h5 34.
Bh3 f5 35. Bg2 Qxe3+ 36. Kxe3 Ke7 37. Kd4 Kd7 38. Bf3 Ne7 39. Bd1 c5+ 40. dxc6+
Nxc6+ 41. Kc3 Nd8 42. Kd3 Ne6 43. Ke3 Ke7 44. Bf3 Nc7 45. Bc6 Ne6 46. Bd5 Nc7
47. Kd4 Na6 48. a3 Nc7 49. Bb7 Ne6+ 50. Ke3 Nc7 51. Bc6 Ne6 52. Bd5 Nc7 53. Kd4
a6 54. a4 a5 55. bxa5 bxa5 56. c5 Ne8 57. Bb3 Nc7 58. cxd6+ Kxd6 59. Bf7 Ke7
60. Bxg6 Ne6+ 61. Ke5 Nc5 62. Bxf5 Nxa4 63. Bc2 Nb6 64. f5 Nd7+ 65. Kf4 Kf7 66.
Bd1 Kg7 67. Bb3 Nc5 68. f6+ Kg6 69. Bc2+ Kf7 70. Kf5 a4 71. g6+ Kg8 72. Bb1 Kf8
73. Ba2 Nb3 74. g7+ Kf7 75. Kg5 1-0

[Event "IX Festival A"]
[Site "Montecatini Terme ITA"]
[Date "2000.08.01"]
[Round "4"]
[White "Klip, Hans"]
[Black "Godena, Michele"]
[Result "1/2-1/2"]
[WhiteElo "2322"]
[BlackElo "2485"]
[PlyCount "64"]
[EventDate "2000.07.29"]

1. e4 e5 2. Nf3 Nc6 3. Bc4 Nf6 4. d3 h6 5. c3 g6 6. O-O Bg7 7. d4 Qe7 8. Nxe5
Nxe5 9. dxe5 Qxe5 10. Qf3 d6 11. Bf4 Qe7 12. Nd2 Ng4 13. Bb3 g5 14. Bg3 h5 15.
Nc4 Be6 16. h3 Nh6 17. Qe3 O-O 18. f4 Bxc4 19. Bxc4 Nf5 20. Qd3 Nxg3 21. Qxg3
Qxe4 22. Bd3 h4 23. Rae1 hxg3 24. Bxe4 gxf4 25. Rxf4 Rae8 26. Ref1 c6 27. Rh4
Re6 28. Bf5 Rh6 29. Rg4 Re8 30. Rxg3 Kf8 31. Bd3 Rf6 32. Rxf6 Bxf6 1/2-1/2

[Event "IX Festival A"]
[Site "Montecatini Terme ITA"]
[Date "2000.08.01"]
[Round "4"]
[White "Martorelli, Antonio"]
[Black "Van der Werf, Mark"]
[Result "0-1"]
[WhiteElo "2272"]
[BlackElo "2429"]
[PlyCount "104"]
[EventDate "2000.07.29"]

1. e4 c5 2. Nf3 e6 3. d4 cxd4 4. Nxd4 Nc6 5. Nc3 Qc7 6. g3 a6 7. Bg2 Nf6 8. O-O
Nxd4 9. Qxd4 Bc5 10. Bf4 d6 11. Qd2 h6 12. Rad1 e5 13. Be3 Bg4 14. Bxc5 dxc5
15. f3 Be6 16. Nd5 Bxd5 17. exd5 Qd6 18. f4 O-O 19. fxe5 Qxe5 20. d6 Qxb2 21.
Rb1 Qxa2 22. Rxb7 Rad8 23. Re7 Qb2 24. Rd1 a5 25. c3 Qb6 26. Rb7 Qa6 27. Qf4 a4
28. Qe5 Qa5 29. c4 a3 30. Bf3 a2 31. Qa1 Rfe8 32. Rb3 Rxd6 33. Rf1 Rde6 34. Rb2
Ra6 35. Kg2 Ne4 36. Bxe4 Rxe4 37. Rff2 Rxc4 38. Rxa2 Ra4 39. Rxa4 Qxa4 40. Qe5
Qc6+ 41. Kg1 Ra8 42. h4 Re8 43. Qc3 c4 44. Rf4 Re2 45. Rf3 Qe4 46. Kf1 Ra2 47.
Qe3 Qb1+ 48. Qe1 Qc2 49. Rf2 Qxf2+ 50. Qxf2 Rxf2+ 51. Kxf2 h5 52. Ke3 Kh7 0-1

[Event "IX Festival A"]
[Site "Montecatini Terme ITA"]
[Date "2000.08.01"]
[Round "4"]
[White "Menoni, Vincenzo"]
[Black "Lanzani, Mario"]
[Result "1/2-1/2"]
[WhiteElo "2240"]
[BlackElo "2419"]
[PlyCount "128"]
[EventDate "2000.07.29"]

1. e4 c5 2. Nc3 e6 3. g3 Nc6 4. Nge2 Nd4 5. Bg2 Ne7 6. O-O g6 7. e5 Nec6 8. f4
d5 9. exd6 Qxd6 10. Ne4 Qe7 11. c3 Nxe2+ 12. Qxe2 f5 13. Ng5 h6 14. Nf3 Bg7 15.
Nh4 Kf7 16. Re1 Bf6 17. Bxc6 Bxh4 18. Bf3 Bf6 19. Qc4 Rb8 20. a4 b6 21. d3 Rd8
22. Be3 a5 23. Rad1 Bb7 24. Bxb7 Rxb7 25. Bf2 g5 26. g4 Rd5 27. fxg5 hxg5 28.
gxf5 Rxf5 29. Bg3 Qd7 30. Rf1 Kg7 31. Rde1 Qd5 32. Rxf5 Qxc4 33. Rxg5+ Bxg5 34.
dxc4 Kf7 35. Rd1 Ke7 36. Kf2 Bf6 37. Kf3 e5 38. Ke4 Ke6 39. Rd5 Rh7 40. Bxe5
Bxe5 41. Rxe5+ Kd6 42. Rd5+ Kc6 43. Rd2 Rh4+ 44. Kf5 Rxc4 45. Kg5 Rxa4 46. h4
Ra1 47. h5 Rg1+ 48. Kf6 Rh1 49. Kg6 Rg1+ 50. Kh7 a4 51. h6 Kb5 52. Rd6 Rg2 53.
Rg6 Rxb2 54. Kg7 Rh2 55. h7 Rxh7+ 56. Kxh7 a3 57. Rg8 Kc4 58. Ra8 Kxc3 59.
Rxa3+ Kc4 60. Ra6 b5 61. Kg6 b4 62. Kf5 b3 63. Ke4 b2 64. Rb6 Kc3 1/2-1/2

[Event "IX Festival A"]
[Site "Montecatini Terme ITA"]
[Date "2000.08.01"]
[Round "4"]
[White "Murgia, Andrea"]
[Black "Nelli, Luca"]
[Result "0-1"]
[WhiteElo "2131"]
[BlackElo "2279"]
[PlyCount "142"]
[EventDate "2000.07.29"]

1. e4 e5 2. Nf3 Nc6 3. Bb5 a6 4. Ba4 Nf6 5. Qe2 b5 6. Bb3 Bc5 7. c3 d6 8. O-O
O-O 9. d3 h6 10. Rd1 Re8 11. h3 Be6 12. Bxe6 Rxe6 13. Nbd2 d5 14. Nf1 Ne7 15.
Be3 Bxe3 16. Nxe3 Qe8 17. Qc2 dxe4 18. dxe4 Qc6 19. Nd5 Nexd5 20. exd5 Nxd5 21.
Qe4 Ne7 22. Qxc6 Nxc6 23. Rd7 Rc8 24. Rad1 e4 25. Nd4 Nxd4 26. cxd4 c5 27. d5
Ree8 28. d6 Red8 29. Re7 Rc6 30. d7 Re6 31. Rxe6 fxe6 32. Rd6 Kf7 33. Rxa6 Rxd7
34. a4 Rd1+ 35. Kh2 bxa4 36. Rxa4 Rd2 37. Rxe4 Rxb2 38. Kg3 g5 39. Rc4 Rb5 40.
h4 Kf6 41. hxg5+ hxg5 42. f4 Kf5 43. fxg5 Kxg5 44. Kf3 Kf5 45. Rh4 Ke5 46. Ke3
Rb3+ 47. Ke2 Kd5 48. g4 Ke4 49. g5+ Kf5 50. Rh6 Rg3 51. Rf6+ Ke5 52. Rg6 Ra3
53. Rg8 Ra7 54. g6 Rd7 55. g7 Kd5 56. Kd2 c4 57. Ke3 e5 58. Kd2 Kd4 59. Kc2 c3
60. Rc8 Rxg7 61. Rd8+ Ke3 62. Rd3+ Ke2 63. Rxc3 e4 64. Rc6 e3 65. Kc1 Ke1 66.
Rc5 e2 67. Rf5 Rc7+ 68. Kb2 Kd2 69. Rd5+ Ke3 70. Re5+ Kd3 71. Re6 Rc4 0-1

[Event "IX Festival A"]
[Site "Montecatini Terme ITA"]
[Date "2000.08.01"]
[Round "4"]
[White "Naumkin, Igor"]
[Black "Trabert, Bettina"]
[Result "1-0"]
[WhiteElo "2440"]
[BlackElo "2259"]
[PlyCount "75"]
[EventDate "2000.07.29"]

1. d4 d5 2. c4 e6 3. Nf3 c6 4. Bg5 Be7 5. Bxe7 Qxe7 6. Nc3 Nf6 7. e3 Nbd7 8.
Rc1 O-O 9. Be2 dxc4 10. Bxc4 e5 11. O-O exd4 12. exd4 Nb6 13. Re1 Qd6 14. Bb3
Bg4 15. h3 Bh5 16. g4 Bg6 17. Ne5 Nfd5 18. Qf3 Rad8 19. Re2 a5 20. Rce1 Qf6 21.
Bxd5 Nxd5 22. Nxd5 Rxd5 23. Qb3 Rb5 24. Nd7 Qd6 25. Qxb5 cxb5 26. Nxf8 f5 27.
Nxg6 hxg6 28. Rd2 fxg4 29. hxg4 Qf4 30. Re3 Qxg4+ 31. Kf1 Qd7 32. d5 b4 33. d6
a4 34. Ke1 Qg4 35. d7 Qg1+ 36. Ke2 Qg4+ 37. Kf1 Qc4+ 38. Red3 1-0

[Event "IX Festival A"]
[Site "Montecatini Terme ITA"]
[Date "2000.08.01"]
[Round "4"]
[White "Pantaleoni, Claudio"]
[Black "Guido, Flavio"]
[Result "0-1"]
[WhiteElo "2201"]
[BlackElo "2303"]
[PlyCount "72"]
[EventDate "2000.07.29"]

1. c4 e6 2. g3 d5 3. Bg2 Nf6 4. Nf3 Be7 5. O-O O-O 6. d4 b6 7. Nc3 Bb7 8. Ne5
Na6 9. a3 c5 10. dxc5 bxc5 11. Qc2 Qc8 12. Bf4 Rd8 13. h4 Nc7 14. Bf3 Bd6 15.
Rfd1 Nce8 16. cxd5 exd5 17. Nb5 Bb8 18. Rac1 a6 19. Nc3 Qe6 20. Nd3 Qe7 21.
Bxb8 Raxb8 22. Nf4 Nc7 23. Na4 c4 24. e3 Rd6 25. Nc3 Qe5 26. Nce2 Bc8 27. Nd4
Rdb6 28. b3 Rxb3 29. Nxb3 Rxb3 30. Rb1 Bf5 31. e4 dxe4 32. Rd8+ Nce8 33. Rxb3
cxb3 34. Qxb3 exf3 35. Qxf3 Qe1+ 36. Kg2 Be4 0-1

[Event "IX Festival A"]
[Site "Montecatini Terme ITA"]
[Date "2000.08.01"]
[Round "4"]
[White "Riccio, Eros"]
[Black "Wustefeld, Carl"]
[Result "1/2-1/2"]
[WhiteElo "2134"]
[BlackElo "2214"]
[PlyCount "112"]
[EventDate "2000.07.29"]

1. d4 g6 2. Nf3 Bg7 3. c3 d6 4. Bf4 Nf6 5. e3 O-O 6. h3 Nbd7 7. Be2 Qe8 8. O-O
e5 9. Bh2 Qe7 10. Nbd2 Re8 11. Qb3 e4 12. Ne1 Nf8 13. Nc2 h5 14. f4 exf3 15.
Bxf3 Be6 16. c4 Bf5 17. e4 Nxe4 18. Nxe4 Bxe4 19. Bxe4 Qxe4 20. Rf4 Qe2 21.
Raf1 f5 22. c5+ Qe6 23. d5 Qf7 24. cxd6 cxd6 25. Rb4 b6 26. Bxd6 Rad8 27. Bxf8
Bxf8 28. Ra4 Qxd5 29. Qg3 Qd6 30. Qg5 Rd7 31. Rd4 Qe6 32. Re1 Qf7 33. Rxd7
Rxe1+ 34. Nxe1 Qxd7 35. Qxg6+ Bg7 36. Qxh5 Qd4+ 37. Kh1 Qd7 38. Qe2 Qd5 39. b3
Qd7 40. Qf3 Qb5 41. Qf4 Kf8 42. g4 Ke7 43. Qe3+ Kf7 44. Qd3 Qc6+ 45. Kg1 fxg4
46. hxg4 Qc5+ 47. Kg2 Qa5 48. Qe2 Bf6 49. Nf3 Kg7 50. Kg3 Qc3 51. Kf4 Qc7+ 52.
Ne5 Qc1+ 53. Kf5 Qc8+ 54. Kf4 Qc1+ 55. Kf5 Qc8+ 56. Kf4 Qc1+ 1/2-1/2

[Event "IX Festival A"]
[Site "Montecatini Terme ITA"]
[Date "2000.08.01"]
[Round "4"]
[White "Sax, Gyula"]
[Black "Skembris, Spyridon"]
[Result "1-0"]
[WhiteElo "2563"]
[BlackElo "2475"]
[PlyCount "93"]
[EventDate "2000.07.29"]

1. e4 e5 2. Nf3 Nc6 3. Bb5 a6 4. Ba4 Nf6 5. O-O Be7 6. Re1 b5 7. Bb3 d6 8. c3
O-O 9. h3 Nd7 10. d4 Bf6 11. a4 Bb7 12. Na3 Nb6 13. d5 Ne7 14. axb5 axb5 15.
Be3 c6 16. dxc6 Bxc6 17. Bxb6 Qxb6 18. Qxd6 Nc8 19. Qd2 Rd8 20. Bd5 Bxd5 21.
exd5 Ne7 22. c4 e4 23. Nh2 bxc4 24. Nxc4 Qb3 25. Rxa8 Rxa8 26. Rxe4 Ra1+ 27.
Nf1 Rd1 28. Qe2 g6 29. d6 Nf5 30. Ncd2 Qc2 31. Rc4 Rxf1+ 32. Kxf1 Qxb2 33. d7
Kg7 34. Kg1 h5 35. Qd3 Qa1+ 36. Nf1 Qa6 37. Qd5 Qa2 38. Rc5 Qxd5 39. Rxd5 Bd8
40. Re5 Ne7 41. Ne3 Kf6 42. Re4 Kg7 43. Nc4 f5 44. Re2 Kf6 45. Nd6 Nc6 46. Re8
Be7 47. Nb7 1-0

[Event "IX Festival A"]
[Site "Montecatini Terme ITA"]
[Date "2000.08.01"]
[Round "4"]
[White "Schaefer, Michael"]
[Black "Wall, Gavin"]
[Result "0-1"]
[WhiteElo "2221"]
[BlackElo "2384"]
[PlyCount "66"]
[EventDate "2000.07.29"]

1. d4 f5 2. Bg5 g6 3. Nc3 Nh6 4. Nf3 Nf7 5. Bf4 Bg7 6. Qd2 d5 7. e3 c6 8. Na4
e6 9. Nc5 b6 10. Nd3 Nd7 11. c4 dxc4 12. Nb4 b5 13. Nxc6 Qb6 14. Nce5 Nfxe5 15.
Bxe5 Nxe5 16. dxe5 Bb7 17. Be2 O-O 18. O-O Qc6 19. Qc3 g5 20. Rfd1 g4 21. Ne1
Rfd8 22. f4 Bf8 23. b3 Bc5 24. bxc4 b4 25. Qb3 Qe4 26. Kh1 a5 27. Rd3 a4 28.
Qb1 Rxd3 29. Qxd3 Qxe3 30. Qxe3 Bxe3 31. Nc2 Bc5 32. Nxb4 Bxb4 33. Rb1 Rb8 0-1

[Event "IX Festival A"]
[Site "Montecatini Terme ITA"]
[Date "2000.08.01"]
[Round "4"]
[White "Sulava, Nenad"]
[Black "Frigieri, Fabrizio"]
[Result "1-0"]
[WhiteElo "2549"]
[BlackElo "2075"]
[PlyCount "65"]
[EventDate "2000.07.29"]

1. Nf3 c5 2. g3 Nc6 3. Bg2 g6 4. c4 Bg7 5. Nc3 e6 6. O-O Nge7 7. a3 O-O 8. Rb1
d6 9. b4 b6 10. Bb2 Rb8 11. Ba1 Qd7 12. e3 e5 13. b5 Nd8 14. d4 Nf5 15. dxe5
dxe5 16. Qxd7 Bxd7 17. Nd5 f6 18. g4 Nd6 19. g5 Nxc4 20. gxf6 Nxa3 21. Ne7+ Kf7
22. fxg7 Kxg7 23. Nxe5 Bxb5 24. N5xg6+ Kf7 25. Nxf8 Kxf8 26. Nf5 Nxb1 27. Bg7+
Kf7 28. Rxb1 Bd3 29. Ra1 Bxf5 30. Rxa7+ Ke6 31. e4 Bg6 32. f4 Bh5 33. f5+ 1-0

[Event "IX Festival A"]
[Site "Montecatini Terme ITA"]
[Date "2000.08.01"]
[Round "4"]
[White "Vezzosi, Paolo"]
[Black "Tocchioni, Doriano"]
[Result "1-0"]
[WhiteElo "2421"]
[BlackElo "2250"]
[PlyCount "69"]
[EventDate "2000.07.29"]

1. Nf3 d5 2. c4 Nf6 3. cxd5 Nxd5 4. b3 Bg4 5. Ne5 Be6 6. Bb2 f6 7. Nc4 Nc6 8.
d4 Nb6 9. e3 Bf7 10. Nbd2 e6 11. Rc1 Be7 12. Qg4 O-O 13. Be2 f5 14. Qh3 Nd5 15.
O-O Be8 16. Rfd1 Rf6 17. g3 Rh6 18. Qg2 a5 19. Bf3 Ncb4 20. Qf1 Nxa2 21. Ra1
Nab4 22. Nxa5 b6 23. Nac4 Rxa1 24. Rxa1 Rf6 25. Ne5 Rf8 26. Qe2 Qb8 27. e4 fxe4
28. Nxe4 Bd6 29. Bg4 Qc8 30. Ng5 Rf6 31. Nc4 Bf7 32. Re1 h6 33. Nxe6 Qe8 34. f4
c5 35. Nxd6 1-0

[Event "IX Festival A"]
[Site "Montecatini Terme ITA"]
[Date "2000.08.01"]
[Round "4"]
[White "Zelcic, Robert"]
[Black "Komarov, Dimitri"]
[Result "0-1"]
[WhiteElo "2457"]
[BlackElo "2556"]
[PlyCount "82"]
[EventDate "2000.07.29"]

1. e4 c5 2. Nf3 Nc6 3. d4 cxd4 4. Nxd4 Nf6 5. Nc3 e5 6. Ndb5 d6 7. Bg5 a6 8.
Na3 b5 9. Bxf6 gxf6 10. Nd5 f5 11. c3 Bg7 12. exf5 Bxf5 13. Nc2 O-O 14. Nce3
Be6 15. Bd3 f5 16. O-O Ra7 17. Qh5 Raf7 18. Bc2 Ne7 19. Nxe7+ Qxe7 20. Rfd1 Kh8
21. Nd5 Qb7 22. Bb3 a5 23. Rd2 Bc8 24. Rad1 a4 25. Bc2 Rg8 26. Ne3 Bf8 27. g3
f4 28. Nf5 fxg3 29. hxg3 Qa7 30. Kg2 Rg6 31. f3 Bxf5 32. Bxf5 Rh6 33. Qg5 Rhf6
34. Be4 Bh6 35. Qh5 Bxd2 36. Rxd2 Qe3 37. Rf2 Rg7 38. Qe8+ Rg8 39. Qd7 Rh6 40.
g4 Qe1 41. Rf1 Qh4 0-1

[Event "IX Festival A"]
[Site "Montecatini Terme ITA"]
[Date "2000.08.02"]
[Round "5"]
[White "Borgo, Giulio"]
[Black "Bontempi, Piero"]
[Result "0-1"]
[WhiteElo "2391"]
[BlackElo "2273"]
[PlyCount "67"]
[EventDate "2000.07.29"]

1. e4 c5 2. Nf3 Nf6 3. e5 Nd5 4. c3 Nc6 5. Bc4 e6 6. d4 cxd4 7. cxd4 d6 8. Qe2
Be7 9. O-O O-O 10. Rd1 Na5 11. Bxd5 exd5 12. Nc3 Be6 13. Bf4 a6 14. Qd3 Nc4 15.
Qc2 Qd7 16. b3 Na3 17. Qb2 Rfe8 18. Na4 dxe5 19. Nc5 Qb5 20. Bg5 Bf8 21. Rdc1
Bf5 22. Nh4 Bd3 23. Qxa3 b6 24. dxe5 Bxc5 25. Qb2 Qb4 26. Nf3 Be4 27. a3 Qb5
28. Nd4 Qd7 29. h3 a5 30. b4 h6 31. Nb3 Qf5 32. Bh4 Qg6 33. Bg3 Qxg3 34. Nxc5
0-1